Welcome to Marium Abdulla Library

Embrace knowledge with a breath of fresh air.

Browse Collection

Marium Abdulla Library

Security, territory, population : (Record no. 9727)

MARC details
000 -LEADER
fixed length control field 00470nam a2200181Ia 4500
001 - CONTROL NUMBER
control field 14375
005 - DATE AND TIME OF LATEST TRANSACTION
control field 20250626030258.0
008 - FIXED-LENGTH DATA ELEMENTS--GENERAL INFORMATION
fixed length control field 211022s9999 xx 000 0 und d
020 ## - INTERNATIONAL STANDARD BOOK NUMBER
International Standard Book Number 9781403986528
082 ## - DEWEY DECIMAL CLASSIFICATION NUMBER
Classification number 320.1 MIC
100 ## - MAIN ENTRY--PERSONAL NAME
Personal name Foucault, Michel,
245 #0 - TITLE STATEMENT
Title Security, territory, population :
260 ## - PUBLICATION, DISTRIBUTION, ETC.
Place of publication, distribution, etc. Basingstoke ; | New York :
260 ## - PUBLICATION, DISTRIBUTION, ETC.
Name of publisher, distributor, etc. Palgrave Macmillan : | République Française,
260 ## - PUBLICATION, DISTRIBUTION, ETC.
Date of publication, distribution, etc. 2007
300 ## - PHYSICAL DESCRIPTION
Extent xvii, 417 p. ;
942 ## - ADDED ENTRY ELEMENTS (KOHA)
Koha item type Book
Holdings
Date last seen Total checkouts Full call number Barcode Date due Date last checked out Price effective from Koha item type Lost status Damaged status Not for loan Collection Withdrawn status Home library Current library Shelving location Date acquired Source of acquisition Cost, normal purchase price
07/02/2025 2 320.1 MIC 14375 11/17/2021 07/02/2025 10/26/2021 Book       Liberal Arts   Marium Abdulla Library Marium Abdulla Library Non-Ref 08/05/2019 Amazon 2500.00